Wrong Side Out CG5 Lyrics quiz - Statistics

General Stats
  • This quiz has been taken 16 times
  • The average score is 299 of 349
Answer Stats
Answer % Correct
a
100%
do
100%
dont
100%
fix
100%
from
100%
home
100%
i
100%
in
100%
made
100%
me
100%
my
100%
once
100%
out
100%
prison
100%
share
100%
so
100%
the
100%
us
100%
was
100%
what
100%
you
100%
youll
100%
an
88%
be
88%
better
88%
can
88%
cause
88%
child
88%
die
88%
feeds
88%
hand
88%
have
88%
hour
88%
if
88%
joy
88%
make
88%
never
88%
of
88%
or
88%
right
88%
see
88%
shall
88%
side
88%
tell
88%
that
88%
to
88%
vision
88%
we
88%
wrong
88%
am
75%
bite
75%
box
75%
but
75%
dear
75%
for
75%
good
75%
ill
75%
like
75%
look
75%
maybe
75%
now
75%
paradise
75%
put
75%
reason
75%
thank
75%
they
75%
who
75%
and
63%
childs
63%
equation
63%
feel
63%
freedom
63%
gave
63%
is
63%
life
63%
new
63%
reanimation
63%
through
63%
all
50%
are
50%
around
50%
burn
50%
cant
50%
down
50%
get
50%
god
50%
im
50%
immortal
50%
outlier
50%
start
50%
this
50%
turn
50%
white
50%
your
50%
brought
38%
lost
38%
perfection
38%
stitch
38%
together
38%
No matching quizzes found
Score Distribution
Percent of People with Each Score
Percentile by Number Answered
Your Score History
You have not taken this quiz